000
00222nam a22000857a 4500
008
170614b xxu||||| |||| 00| 0 eng d
100
_9
3407
_a
Kundra. D. N
245
_a
Social Science class VI
260
_a
New Delhi
_b
G. B. P
_c
2010
999
_c
6769
_d
6769